000 00913nmc a2200301 a 4500
003 AR-BaBNM
005 20251128204131.0
008 305119s1984 ||||||||||||||000 | spa||
020 _a950-25-0152-7
040 _cAR-BaBNM
245 1 0 _aUrquiza y su tiempo
_bla visión de sus contemporáneos
260 _aBuenos Aires
_bCentro Editor de América Latina
_c1984
300 0 _a87 p.
490 0 _aHistoria testimonial Argentina: Documentos vivos de nuestro pasado
_vv. 32
504 _aBibliografía en p.13
600 1 4 _aUrquiza, Juan José de
_d1801-1870
650 4 _aHISTORIA ARGENTINA
650 4 _aPRESIDENCIAS ARGENTINAS
650 4 _aHISTORIA
650 4 _aCOSTUMBRES
650 4 _aDOCUMENTOS
650 4 _aMATERIAL FUENTE
700 1 _aBosch, Beatriz
_ecompilador
800 1 _aBertoni, Lilia Ana
_edirector
800 1 _aRomero, Luis Alberto
_edirector
942 _cBK
998 _cMarce
999 _c6304
_d6304